[Event "Oldenburg Union 75 Ann Rapid"]
[Site "Oldenburg"]
[Date "2024.12.15"]
[Round "9"]
[White "Eschholz, Enno"]
[Black "Schaefer, Maik"]
[Result "1-0"]
[WhiteElo "2121"]
[BlackElo "1923"]
[PlyCount "53"]
[EventDate "2024.12.15"]
[EventType "swiss (rapid)"]
[EventRounds "9"]
[EventCountry "GER"]
[SourceTitle "CB52_2024"]
[SourceDate "2024.12.25"]
[SourceVersion "1"]
[SourceVersionDate "2024.12.25"]
[SourceQuality "1"]

1. e4 c6 2. c4 d5 3. cxd5 cxd5 4. exd5 Qxd5 5. Nc3 Qd8 6. Nf3 Nf6 7. Bc4 e6 8. 0-0 Be7 9. d4 0-0 10. Ne5 Nc6 11. Be3 Bd7 12. Bd3 Qc7 13. Bf4 Qb6 14. d5 Nxe5 15. Bxe5 exd5 16. Bxf6 Qxf6 17. Nxd5 Qd6 18. Nxe7+ Qxe7 19. Re1 Be6 20. Bc4 Rad8 21. Qe2 Rd6 22. Qf3 Re8 23. h3 Qd7 24. Bxe6 Rdxe6 25. Rxe6 Rxe6 26. Rd1 Qc7 27. Qxb7 1-0

[Event "Oldenburg Union 75 Ann Rapid"]
[Site "Oldenburg"]
[Date "2024.12.15"]
[Round "8"]
[White "Schaefer, Maik"]
[Black "De Vries, Carsten"]
[Result "1-0"]
[WhiteElo "1923"]
[BlackElo "1898"]
[PlyCount "45"]
[EventDate "2024.12.15"]
[EventType "swiss (rapid)"]
[EventRounds "9"]
[EventCountry "GER"]
[SourceTitle "CB52_2024"]
[SourceDate "2024.12.25"]
[SourceVersion "1"]
[SourceVersionDate "2024.12.25"]
[SourceQuality "1"]

1. e4 c5 2. Nf3 d6 3. Bb5+ Bd7 4. Bxd7+ Nxd7 5. 0-0 g6 6. d4 Bg7 7. Re1 e6 8. Bg5 Qb6 9. Na3 cxd4 10. b3 Qc5 11. Nc4 b5 12. Na5 d3 13. Rc1 Bb2 14. Qxd3 f6 15. Be3 Qc7 16. Rcd1 Qxa5 17. Qxd6 Qd8 18. Qxe6+ Qe7 19. Qc6 Rd8 20. Rd6 Kf7 21. Red1 Nb8 22. Qd5+ Kg7 23. Rxd8 1-0

[Event "Oldenburg Union 75 Ann Blitz"]
[Site "Oldenburg"]
[Date "2024.12.14"]
[Round "2"]
[White "Nafati, Meryem"]
[Black "Schaefer, Maik"]
[Result "0-1"]
[WhiteElo "1541"]
[BlackElo "1923"]
[PlyCount "50"]
[EventDate "2024.12.14"]
[EventType "swiss (blitz)"]
[EventRounds "13"]
[EventCountry "GER"]
[SourceTitle "CB52_2024"]
[SourceDate "2024.12.25"]
[SourceVersion "1"]
[SourceVersionDate "2024.12.25"]
[SourceQuality "1"]

1. e4 c6 2. d4 d5 3. e5 c5 4. c3 Nc6 5. Nf3 cxd4 6. cxd4 Bg4 7. Be2 e6 8. h3 Bxf3 9. Bxf3 Nge7 10. Be3 Nf5 11. Qa4 Nxe3 12. fxe3 Qh4+ 13. Kd2 Bb4+ 14. Ke2 0-0 15. a3 Be7 16. b4 a6 17. Nd2 f6 18. b5 axb5 19. Qxb5 Na5 20. Rhc1 fxe5 21. Bg4 Qf2+ 22. Kd3 e4+ 23. Kc3 Rfc8+ 24. Kb2 Qxd2+ 25. Kb1 Rxc1# 0-1

[Event "Oldenburg Union 75 Ann Blitz"]
[Site "Oldenburg"]
[Date "2024.12.14"]
[Round "5"]
[White "Schaefer, Maik"]
[Black "Giorgadze, Giorgi"]
[Result "0-1"]
[WhiteElo "1923"]
[BlackElo "2569"]
[PlyCount "82"]
[EventDate "2024.12.14"]
[EventType "swiss (blitz)"]
[EventRounds "13"]
[EventCountry "GER"]
[SourceTitle "CB52_2024"]
[SourceDate "2024.12.25"]
[SourceVersion "1"]
[SourceVersionDate "2024.12.25"]
[SourceQuality "1"]

1. e4 e6 2. d4 d5 3. Nd2 dxe4 4. Nxe4 Nd7 5. Nf3 Ngf6 6. Nxf6+ Nxf6 7. Bd3 Be7 8. 0-0 0-0 9. Bf4 b6 10. c3 Bb7 11. Ne5 c5 12. dxc5 Bxc5 13. Qe2 Qd5 14. Nf3 Rfd8 15. Rad1 Qh5 16. Ne5 Qxe2 17. Bxe2 Ne4 18. Nd3 Be7 19. Bf3 Bd5 20. Rfe1 Nf6 21. Bxd5 Nxd5 22. Bg3 Rac8 23. a3 h6 24. h3 Bf6 25. Be5 Be7 26. Bg3 b5 27. Nb4 Nb6 28. Rxd8+ Bxd8 29. Re2 Bf6 30. Nd3 Rd8 31. Nc5 Nc4 32. Ne4 Be7 33. Kh2 Rd1 34. b3 Nxa3 35. Ra2 a5 36. f4 b4 37. c4 a4 38. bxa4 Nxc4 39. Rc2 Ne3 40. Re2 Nf1+ 41. Kg1 Nxg3+ 0-1

[Event "Leer op"]
[Site "Leer"]
[Date "2024.11.03"]
[Round "7"]
[White "Schaefer, Maik"]
[Black "Jakob, Matthias"]
[Result "1/2-1/2"]
[WhiteElo "1914"]
[BlackElo "2070"]
[PlyCount "26"]
[EventDate "2024.10.31"]
[EventType "swiss"]
[EventRounds "7"]
[EventCountry "GER"]
[SourceTitle "CB45_2024"]
[Source "ChessBase"]
[SourceDate "2024.11.06"]
[SourceVersion "1"]
[SourceVersionDate "2024.11.06"]
[SourceQuality "1"]

1. e4 Nc6 2. Nf3 d6 3. d4 Nf6 4. Nc3 g6 5. Bb5 a6 6. Bxc6+ bxc6 7. 0-0 Bg7 8. h3 0-0 9. Re1 Nd7 10. Be3 Rb8 11. Rb1 c5 12. Qd2 cxd4 13. Bxd4 e5 1/2-1/2

[Event "Leer op"]
[Site "Leer"]
[Date "2024.11.02"]
[Round "6"]
[White "Goes, Carsten"]
[Black "Schaefer, Maik"]
[Result "0-1"]
[WhiteElo "1826"]
[BlackElo "1914"]
[PlyCount "32"]
[EventDate "2024.10.31"]
[EventType "swiss"]
[EventRounds "7"]
[EventCountry "GER"]
[SourceTitle "CB45_2024"]
[Source "ChessBase"]
[SourceDate "2024.11.06"]
[SourceVersion "1"]
[SourceVersionDate "2024.11.06"]
[SourceQuality "1"]

1. e4 c6 2. d4 d5 3. exd5 cxd5 4. Bd3 Nc6 5. c3 Nf6 6. h3 e5 7. dxe5 Nxe5 8. Nf3 Nxd3+ 9. Qxd3 Bd6 10. 0-0 0-0 11. Re1 Ne4 12. Nd4 Qh4 13. Be3 Bxh3 14. gxh3 Qxh3 15. f4 Bxf4 16. Re2 Rae8 0-1

[Event "Leer op"]
[Site "Leer"]
[Date "2024.11.01"]
[Round "4"]
[White "Boesel, Alexander"]
[Black "Schaefer, Maik"]
[Result "1-0"]
[WhiteElo "2076"]
[BlackElo "1914"]
[PlyCount "43"]
[EventDate "2024.10.31"]
[EventType "swiss"]
[EventRounds "7"]
[EventCountry "GER"]
[SourceTitle "CB45_2024"]
[Source "ChessBase"]
[SourceDate "2024.11.06"]
[SourceVersion "1"]
[SourceVersionDate "2024.11.06"]
[SourceQuality "1"]

1. e4 c5 2. Nf3 d6 3. Bb5+ Bd7 4. Bxd7+ Qxd7 5. c4 g6 6. d4 cxd4 7. Nxd4 Bg7 8. Be3 Nf6 9. f3 0-0 10. 0-0 Nc6 11. Nc3 Rfc8 12. b3 a5 13. Ndb5 Qd8 14. Qe2 Nd7 15. Rad1 Qe8 16. Nd5 Qd8 17. Qf2 Ra6 18. a4 Nce5 19. h3 Nxc4 20. bxc4 Rxc4 21. Rc1 Rxa4 22. Rc8 1-0

[Event "Leer op"]
[Site "Leer"]
[Date "2024.10.31"]
[Round "2"]
[White "Gremmel, Jonas Simon"]
[Black "Schaefer, Maik"]
[Result "1-0"]
[WhiteElo "2102"]
[BlackElo "1914"]
[PlyCount "143"]
[EventDate "2024.10.31"]
[EventType "swiss"]
[EventRounds "7"]
[EventCountry "GER"]
[SourceTitle "CB45_2024"]
[Source "ChessBase"]
[SourceDate "2024.11.06"]
[SourceVersion "1"]
[SourceVersionDate "2024.11.06"]
[SourceQuality "1"]

1. d4 Nf6 2. Nf3 d5 3. c4 e6 4. Nc3 Bb4 5. Qa4+ Nc6 6. e3 0-0 7. Bd3 dxc4 8. Bxc4 Bd6 9. 0-0 e5 10. dxe5 Nxe5 11. Nxe5 Bxe5 12. Rd1 Qe7 13. Be2 Bd7 14. Qc4 Bc6 15. Bd2 Rfd8 16. Be1 a6 17. Rxd8+ Rxd8 18. Rd1 Rxd1 19. Nxd1 Bb5 20. Qc2 Bxe2 21. Qxe2 Nd5 22. Qd3 c6 23. g3 g6 24. e4 Nc7 25. f4 Qd6 26. Qxd6 Bxd6 27. Kf1 Kf8 28. Ke2 Ne6 29. Bc3 Ke8 30. Nf2 c5 31. Kd3 b5 32. b3 h5 33. Nd1 Kd7 34. Ne3 Nc7 35. e5 Bf8 36. Ke4 Kc6 37. h3 Ne6 38. Nd5 Ng7 39. Be1 Ne6 40. Bc3 Ng7 41. Ne3 Ne6 42. g4 hxg4 43. hxg4 Bh6 44. g5 Bf8 45. Ng4 b4 46. Bb2 Kd7 47. Nf6+ Kc6 48. Nd5 Ng7 49. Ne3 Ne6 50. Nc4 Be7 51. Nd2 Ng7 52. Nf3 Nf5 53. e6 Nd6+ 54. Ke5 c4 55. exf7 c3 56. Bc1 Kd7 57. f8N+ Bxf8 58. Kf6 Ne4+ 59. Kxg6 Nc5 60. Nd4 Nd3 61. Ne2 a5 62. Kf7 Bd6 63. g6 Nxc1 64. Nxc1 Bxf4 65. g7 Bxc1 66. g8Q Ba3 67. Qg6 Bb2 68. Qd3+ Kc6 69. Ke6 Kb6 70. Qc4 Bc1 71. Kd7 Be3 72. Qe6+ 1-0

[Event "Ghent op 45th"]
[Site "Ghent"]
[Date "2024.07.20"]
[Round "2"]
[White "Venkataramanan, TS."]
[Black "Schaefer, Maik"]
[Result "1-0"]
[WhiteElo "2253"]
[BlackElo "1939"]
[PlyCount "47"]
[EventDate "2024.07.20"]
[EventType "swiss"]
[EventRounds "9"]
[EventCountry "BEL"]
[SourceTitle "CBM 221 Extra"]
[Source "ChessBase"]
[SourceDate "2024.09.30"]
[SourceVersion "1"]
[SourceVersionDate "2024.09.30"]
[SourceQuality "1"]

1. e4 c5 2. c3 Nf6 3. e5 Nd5 4. d4 cxd4 5. Nf3 Nc6 6. Bc4 Nb6 7. Bb3 d5 8. exd6 Qxd6 9. 0-0 Be6 10. Na3 Bxb3 11. axb3 e6 12. Nb5 Qd7 13. Bf4 e5 14. Re1 Be7 15. Nxe5 Nxe5 16. Bxe5 0-0 17. Bxd4 a6 18. Na3 Nd5 19. Qf3 Rad8 20. Rad1 Qc7 21. Bxg7 Kxg7 22. Rxd5 Rxd5 23. Qxd5 Rd8 24. Qf3 1-0

[Event "Oberliga Nord W 2122"]
[Site "Germany"]
[Date "2021.10.24"]
[Round "2.8"]
[White "Meyer, Thorsten1"]
[Black "Schaefer, Maik"]
[Result "0-1"]
[WhiteElo "1971"]
[BlackElo "1884"]
[PlyCount "74"]
[EventDate "2021.10.10"]
[EventType "team-tourn"]
[EventRounds "9"]
[EventCountry "GER"]
[SourceTitle "EXT 2023"]
[Source "ChessBase"]
[SourceDate "2022.10.05"]
[SourceVersion "1"]
[SourceVersionDate "2022.10.05"]
[SourceQuality "1"]
[WhiteTeam "Delmenhorst"]
[BlackTeam "Oldenburg Union"]
[WhiteTeamCountry "GER"]
[BlackTeamCountry "GER"]

1. e4 c5 2. Nf3 d6 3. d4 cxd4 4. Nxd4 Nf6 5. Nc3 a6 6. Be2 e5 7. Nb3 Be7 8. Be3 Be6 9. Bf3 Nbd7 10. 0-0 0-0 11. Qd2 Qc7 12. Rfd1 Rfd8 13. Rac1 Rac8 14. g3 Bf8 15. Nd5 Nxd5 16. exd5 Bh3 17. Qb4 Nc5 18. Nxc5 dxc5 19. Qh4 Bf5 20. g4 Bg6 21. g5 b5 22. Qg4 Rd6 23. h4 f5 24. gxf6 Rxf6 25. Bg5 Bf5 26. Qg2 Rd6 27. Be4 Qf7 28. Rd3 h6 29. Bd2 Bxe4 30. Qxe4 Rf6 31. Be3 Bd6 32. c4 Rf8 33. Rc2 Qh5 34. cxb5 axb5 35. Bxc5 Bxc5 36. Rxc5 Rxf2 37. d6 R2f4 0-1

[Event "Niedersachsen-ch op A"]
[Site "Verden"]
[Date "2019.01.05"]
[Round "5"]
[White "Schaefer, Maik"]
[Black "Braje, Monika"]
[Result "1-0"]
[WhiteElo "1718"]
[BlackElo "1786"]
[PlyCount "75"]
[EventDate "2019.01.03"]
[EventType "swiss"]
[EventRounds "7"]
[EventCountry "GER"]
[SourceTitle "EXT 2022"]
[Source "ChessBase"]
[SourceDate "2021.10.06"]
[SourceVersion "1"]
[SourceVersionDate "2021.10.06"]
[SourceQuality "1"]

1. e4 d5 2. exd5 Nf6 3. Bb5+ Bd7 4. Be2 Nxd5 5. d4 e6 6. Nf3 Bb4+ 7. c3 Be7 8. 0-0 0-0 9. c4 Nf6 10. Nc3 Bc6 11. Ne5 Be8 12. Bf3 c6 13. Be3 Qc7 14. Ne4 Nxe4 15. Bxe4 f6 16. Nd3 f5 17. Bf3 Nd7 18. Qe2 e5 19. dxe5 Nxe5 20. Nxe5 Qxe5 21. Rfe1 Bd6 22. g3 Bg6 23. Qd2 Bc7 24. Bf4 Qa5 25. b4 Bxf4 26. Qxf4 Qxb4 27. Rab1 Qc3 28. Re3 Qf6 29. Reb3 b6 30. Rd1 Rae8 31. Rbd3 Bf7 32. Rd6 Re6 33. Bxc6 Rxd6 34. Rxd6 Qa1+ 35. Kg2 Qxa2 36. Rd4 Qc2 37. Qd6 Bxc4 38. Rxc4 1-0

[Event "Niedersachsen-ch op A"]
[Site "Verden"]
[Date "2019.01.04"]
[Round "3"]
[White "Schaefer, Maik"]
[Black "Waldmann, Christoph"]
[Result "0-1"]
[WhiteElo "1718"]
[BlackElo "1818"]
[PlyCount "106"]
[EventDate "2019.01.03"]
[EventType "swiss"]
[EventRounds "7"]
[EventCountry "GER"]
[SourceTitle "EXT 2022"]
[Source "ChessBase"]
[SourceDate "2021.10.06"]
[SourceVersion "1"]
[SourceVersionDate "2021.10.06"]
[SourceQuality "1"]

1. d4 d5 2. Bf4 Nf6 3. e3 c5 4. c3 Nc6 5. Nd2 cxd4 6. exd4 Bf5 7. Ngf3 e6 8. Be2 Be7 9. Nh4 Bg6 10. Nxg6 hxg6 11. Nf3 Nh5 12. Be3 Bd6 13. g3 a6 14. Qc2 Rc8 15. Nh4 Ne7 16. Bxh5 gxh5 17. f4 g6 18. Nf3 Nf5 19. Bf2 b5 20. Qd3 Qb6 21. Ne5 Qc7 22. 0-0 Ke7 23. a4 Bxe5 24. dxe5 Qc4 25. Rfd1 Kd7 26. axb5 axb5 27. Ra7+ Rc7 28. Rxc7+ Kxc7 29. Qc2 Ra8 30. Rc1 Ra2 31. Qb1 Qb3 32. Rc2 Ne7 33. Bc5 Nc6 34. Qc1 Ra6 35. Qd2 Na5 36. Bd6+ Kd7 37. Qf2 Nc4 38. Rc1 Qxb2 39. Qxb2 Nxb2 40. Rb1 Nc4 41. Bc5 Kc6 42. Bf2 Ra2 43. Rc1 Kb7 44. Bd4 Ka6 45. Rf1 Ka5 46. Rf2 Rxf2 47. Kxf2 Ka4 48. Ke2 Kb3 49. h3 Nb2 50. Kd2 Kc4 51. g4 hxg4 52. hxg4 Na4 53. Kc2 b4 0-1

[Event "Bremen Silvester op"]
[Site "Bremen"]
[Date "2018.12.30"]
[Round "7"]
[White "Summers, Jan"]
[Black "Schaefer, Maik"]
[Result "1/2-1/2"]
[WhiteElo "1692"]
[BlackElo "1821"]
[PlyCount "87"]
[EventDate "2018.12.27"]
[EventType "swiss"]
[EventRounds "7"]
[EventCountry "GER"]
[SourceTitle "CBM 188 Extra"]
[Source "ChessBase"]
[SourceDate "2019.02.28"]
[SourceVersion "1"]
[SourceVersionDate "2019.02.28"]
[SourceQuality "1"]

1. e4 c5 2. Nf3 Nc6 3. d4 cxd4 4. Nxd4 Nf6 5. Nc3 e5 6. Ndb5 d6 7. Bg5 a6 8. Na3 b5 9. Nd5 Be7 10. Nxe7 Nxe7 11. Bxf6 gxf6 12. c3 Be6 13. Qf3 f5 14. Bd3 f4 15. Nc2 h5 16. Qe2 Bd7 17. Qd2 Rb8 18. 0-0-0 a5 19. Rhe1 b4 20. cxb4 axb4 21. Bc4 Rb6 22. Nxb4 Qb8 23. Nd3 Bb5 24. Bxb5+ Rxb5 25. Kb1 Nc6 26. Rc1 Nd4 27. Rc3 Kd7 28. Nc1 Rg8 29. f3 Qb6 30. Rf1 Rb8 31. Rf2 Qa6 32. b3 Ra5 33. Qd3 Qb6 34. Rb2 Rba8 35. Qd2 Nb5 36. Rd3 Qc6 37. Ka1 Nd4 38. Rc3 Qb5 39. Qd3 Qb6 40. Qd2 Qb5 41. Ne2 Ne6 42. Rd3 R5a6 43. Nc3 Qb6 44. Qd1 1/2-1/2